书目信息 |
| 题名: |
数据结构:C++与面向对象的途径
|
|
| 作者: | 张乃孝 , 裘宗燕 | |
| 分册: | ||
| 出版信息: | 北京 高等教育出版社 1998.06 |
|
| 页数: | 365页 | |
| 开本: | 16开 | |
| 丛书名: | ||
| 单 册: | ||
| 中图分类: | TP311.12 | |
| 科图分类: | ||
| 主题词: | 软件 | |
| 电子资源: | ||
| ISBN: | 7-04-006418-9 | |
| 000 | 00632nam0 2200205 45 | |
| 001 | 0106250921 | |
| 005 | 20010625090650.5 | |
| 010 | @a7-04-006418-9@d19.10元 | |
| 100 | @a20010625d1998 km y0chiy0120 ea | |
| 101 | 0 | @achi |
| 105 | @a z 000yy | |
| 200 | 1 | @a数据结构:C++与面向对象的途径@AShu Ju Jie Gou:C++Yu Mian Xiang Dui Xiang De Tu Jing@f张乃孝,裘宗燕@FZhang Nai Xiao,Qiu Zong Yan |
| 210 | @a北京@c高等教育出版社@d1998.06 | |
| 215 | @a365页@d16开 | |
| 606 | 0 | @a软件 |
| 690 | @aTP311.12@v3 | |
| 701 | 0 | @a张乃孝 |
| 701 | 0 | @a裘宗燕 |
| 801 | @aCN@bPftUser@c20010625 | |
| 905 | @f5@b350444-448@dTP311.12@eZH893@b350444-448@f5 | |
| 数据结构:C++与面向对象的途径/张乃孝,裘宗燕.-北京:高等教育出版社,1998.06 |
| 365页;16开 |
| ISBN 7-04-006418-9:19.10元 |
| ● |
| 相关链接 |
|
|
|
正题名:数据结构:C++与面向对象的途径
索取号:TP311.12/ZH893
 
预约/预借
| 序号 | 登录号 | 条形码 | 馆藏地/架位号 | 状态 | 备注 |
| 1 | 350444 | 203504449 | 自科二线404/301自科库 69排2列2层/ [索取号:TP311.12/ZH893] | 在馆 | |
| 2 | 350445 | 203504458 | 自科二线504/504自科库 6排4列1层/ [索取号:TP311.12/ZH893] | 在馆 | |
| 3 | 350446 | 203504467 | 自科二线504/504自科库 6排4列1层/ [索取号:TP311.12/ZH893] | 在馆 | |
| 4 | 350447 | 203504476 | 期刊室512/301自科库 69排2列2层/ [索取号:TP311.12/ZH893] | 在馆 | |
| 5 | 350448 | 203504485 | 期刊室512/301自科库 69排2列2层/ [索取号:TP311.12/ZH893] | 在馆 |